000 00476nam a2200181Ia 4500
003 OSt
005 20220622145607.0
008 220614s9999||||xx |||||||||||||| ||und||
020 _a9781118954461
040 _c
100 _aVoldman
245 0 _aESD - Circuits and Devices 2e
250 _a2nd Edition
260 _bWiley
650 _aElectrical & Electronics Engineering
856 _uhttps://onlinelibrary.wiley.com/doi/book/10.1002/9781118954492
942 _cEB
_2ddc
999 _c7400
_d7400